| 000 | 00829nam a2200241 i 4500 | ||
|---|---|---|---|
| 001 | 164671 | ||
| 003 | ES-MaACL | ||
| 005 | 20230906212959.0 | ||
| 008 | 050804s1863 fr | |||||||| ||fre d | ||
| 040 |
_aCAM _bspa _cCAM |
||
| 100 | 1 |
_aSand, George, _d1804-1876 _9103060 |
|
| 245 | 1 | 4 | _aLes maitres mosaïstes. |
| 250 | _a4e éd. | ||
| 260 |
_aParis : _bMichel Lévy fréres éditeurs, _c1863 ( _fImprimerie de J. Claye) |
||
| 300 |
_aVII, 238 p. ; _c18 cm. |
||
| 490 | 1 | _aBibliothèque contemporaine | |
| 490 | 1 | _aGeorge Sand oeuvres choisies | |
| 594 | _aTodos los datos tomados de la cub. original. | ||
| 830 | 0 |
_aBibliothèque contemporaine _9181673 |
|
| 830 | 0 |
_aGeorge Sand oeuvres choisies _9222365 |
|
| 852 |
_aES-MaACL _jG-14518 _z-- Enc. hol. conservando la cub. original |
||
| 999 |
_c164671 _d164671 |
||